FOUNDATIONS AND APPLICATION OF INDIAN PSYCHOLOGY (Record no. 10567)

MARC details
000 -LEADER
fixed length control field 00308nam a22001337a 4500
003 - CONTROL NUMBER IDENTIFIER
control field SGT
082 ## - DEWEY DECIMAL CLASSIFICATION NUMBER
Classification number 150
Item number F14C
100 ## - MAIN ENTRY--PERSONAL NAME
Personal name CORNELISSEN, R.M.M.
245 ## - TITLE STATEMENT
Title FOUNDATIONS AND APPLICATION OF INDIAN PSYCHOLOGY
260 ## - PUBLICATION, DISTRIBUTION, ETC. (IMPRINT)
Place of publication, distribution, etc DELHI
Name of publisher, distributor, etc PEARSON
Year of Publication 2014
300 ## - PAGE DESCRIPTION
No. of Pages 418
650 ## - SUBJECT ADDED ENTRY--TOPICAL TERM
Topical term or geographic name as entry element PSYCHOLOGY
942 ## - ADDED ENTRY ELEMENTS (KOHA)
Source of classification or shelving scheme Dewey Decimal Classification
Koha item type Books
Holdings
Withdrawn status Lost status Source of classification or shelving scheme Damaged status Not for loan Collection code Home library Current library Shelving location Date acquired Vendor Name Cost, normal purchase price SGTU Bill Number Total Checkouts Full call number Accession No. (Barcode) Date last seen Bill Date Koha item type
    Dewey Decimal Classification     MEDICAL SGT Medical Library SGT Medical Library Text Book 21/01/2017 ABC 450.00 SGTU 6440   150 F14C FM7937 21/01/2017 04/01/2016 Books
    Dewey Decimal Classification     MEDICAL SGT Medical Library SGT Medical Library Text Book 21/01/2017 ABC 450.00 SGTU 6440   150 F14C FM7938 21/01/2017 04/01/2016 Books